书目信息 |
| 题名: |
西湖旧影
|
|
| 作者: | 梅重 , 钱月明 选编 撰文 | |
| 分册: | ||
| 出版信息: | 杭州 浙江摄影出版社 1998 |
|
| 页数: | 170页 | |
| 开本: | 25×25cm | |
| 丛书名: | ||
| 单 册: | ||
| 中图分类: | K928.73 | |
| 科图分类: | ||
| 主题词: | 风光摄影-西湖--近代--摄影集 | |
| 电子资源: | ||
| ISBN: | 7-80536-479-6 | |
| 000 | 00698nam0 2200241 45 | |
| 001 | 0199011286 | |
| 005 | 20031219104110.7 | |
| 010 | @a7-80536-479-6@b精装@dCNY198.00 | |
| 100 | @a19990311d1998 em y0chiy0121 ea | |
| 101 | 0 | @achi |
| 102 | @aCN@b330000 | |
| 105 | @aa z 000yy | |
| 106 | @ar | |
| 200 | 10 | @a西湖旧影@Axi hu jiu ying@f梅重,钱月明选编 撰文 |
| 210 | @a杭州@c浙江摄影出版社@d1998 | |
| 215 | @a170页@d25×25cm | |
| 606 | @a风光摄影-西湖@z近代@x摄影集 | |
| 607 | @a西湖-风光摄影@z近代@x摄影集 | |
| 690 | @aK928.73@v4 | |
| 701 | 0 | @a梅重@Amei chong@4选编 撰文 |
| 701 | 0 | @a钱月明@Aqian yue ming@4选编 撰文 |
| 801 | @aCN@bTSTC@c20030604 | |
| 905 | @b323721-725@dK928.73@e261@f5 | |
| 西湖旧影/梅重,钱月明选编 撰文.-杭州:浙江摄影出版社,1998 |
| 170页;25×25cm |
| ISBN 7-80536-479-6(精装):CNY198.00 |
| ● |
| 相关链接 |
|
|
|
|
正题名:西湖旧影
索取号:K928.73/261
 
预约/预借
| 序号 | 登录号 | 条形码 | 馆藏地/架位号 | 状态 | 备注 |
| 1 | 0323721 | 203237210 | 第二借阅区/ [索取号:K928.73/261] | 在馆 | |
| 2 | 0323722 | 203237229 | 第二借阅区/ [索取号:K928.73/261] | 在馆 | |
| 3 | 0323723 | 203237238 | 第二借阅区/ [索取号:K928.73/261] | 在馆 | |
| 4 | 0323724 | 203237247 | 第二借阅区/ [索取号:K928.73/261] | 在馆 | |
| 5 | 0323725 | 203237256 | 第二样本阅览室/ [索取号:K928.73/261] | 在馆 |